[Event "Feffernitz op 28th"]
[Site "Feffernitz"]
[Date "2019.08.22"]
[Round "6"]
[White "Acimovic, Radivoje"]
[Black "Kainz, Josef"]
[Result "0-1"]
[WhiteElo "2103"]
[BlackElo "1905"]
[PlyCount "94"]
[EventDate "2019.08.18"]
[EventType "swiss"]
[EventRounds "9"]
[EventCountry "AUT"]
[SourceTitle "EXT 2020"]
[Source "ChessBase"]
[SourceDate "2019.10.17"]
[SourceVersion "1"]
[SourceVersionDate "2019.10.17"]
[SourceQuality "1"]

1. e4 c5 2. Nf3 Nc6 3. d4 cxd4 4. Nxd4 Nf6 5. Nc3 e5 6. Ndb5 d6 7. Bg5 a6 8. Na3 b5 9. Nd5 Be7 10. Bxf6 Bxf6 11. c3 Bg5 12. h4 Bh6 13. g4 Bf4 14. Nc2 Bb7 15. Nxf4 exf4 16. Qd2 Qf6 17. g5 Qe5 18. 0-0-0 0-0 19. f3 Rfd8 20. Ne1 Qe6 21. Kb1 Ne5 22. Qxf4 d5 23. Bh3 Qe7 24. Nc2 dxe4 25. fxe4 Nd3 26. Qg3 Bxe4 27. Bg2 b4 28. Bxe4 Qxe4 29. Qe3 Qxe3 30. Nxe3 bxc3 31. bxc3 Rdb8+ 32. Kc2 Nf2 33. Rhf1 Nxd1 34. Rxd1 Kf8 35. c4 Re8 36. Rd3 Re4 37. c5 Rc8 38. Rc3 Re5 39. c6 Rc7 40. Nc4 Rc5 41. Kd3 R5xc6 42. Kd4 f6 43. Kd5 f5 44. h5 Rc5+ 45. Kd4 h6 46. gxh6 gxh6 47. a4 Rxc4+ 0-1

[Event "Stari Banovci Vidovdan op"]
[Site "Stari Banovci"]
[Date "2018.06.29"]
[Round "1"]
[White "Acimovic, Radivoje"]
[Black "Kovacevic, Aleksandar"]
[Result "0-1"]
[WhiteElo "2048"]
[BlackElo "2493"]
[PlyCount "84"]
[EventDate "2018.06.29"]
[EventType "swiss"]
[EventRounds "9"]
[EventCountry "SRB"]
[SourceTitle "CBM 185 Extra"]
[Source "ChessBase"]
[SourceDate "2018.07.29"]
[SourceVersion "1"]
[SourceVersionDate "2018.07.29"]
[SourceQuality "1"]

1. e4 c5 2. Nf3 d6 3. d4 cxd4 4. Nxd4 Nf6 5. Nc3 a6 6. Be2 e6 7. 0-0 Be7 8. f4 0-0 9. Kh1 Nc6 10. Be3 Qc7 11. Bf3 Na5 12. Qe1 Bd7 13. Rd1 Rac8 14. Qg3 Nc4 15. Bc1 b5 16. a3 Qb8 17. Rfe1 Rfd8 18. e5 dxe5 19. fxe5 Ne8 20. Nb1 Rc5 21. Be4 g6 22. b4 Rcc8 23. Bd3 Ng7 24. Nf3 Bc6 25. Nbd2 Bd5 26. Nf1 Nh5 27. Qf2 Bxf3 28. gxf3 Nxe5 29. Be4 f5 30. Bd3 Bf6 31. f4 Qb7+ 32. Qg2 Qxg2+ 33. Kxg2 Nxd3 34. cxd3 Rxc1 35. Rxc1 Nxf4+ 36. Kf3 Nxd3 37. Rxe6 Nxc1 38. Rxf6 Rd3+ 39. Kf4 Rxa3 40. Kg5 Kg7 41. Rc6 h6+ 42. Kh4 g5+ 0-1